000 00716nam a2200205 u 4500
001 000634988
003 AM-YeHGA
005 20250617140606.0
008 090223s1962 ||| r 000 0 rus d
040 _aAM-YeHGA
041 0 _arus
100 1 _aПашук, Андрей Иосифович
245 1 0 _aЛьвов :
_bКраткий иллюстрированный путеводитель /
_cА. Пашук, И. Деркач.
250 _a2-е изд., доп.
260 _aЛьвов :
_bЛьвовское кн. изд-во,
_c1962.
300 _a151 с. :
_bил.
653 0 _aЛьвов - г. - Путеводители
700 1 _aДеркач, Иван Степанович
090 _c224258
999 _c222723
_d222723